000 00307nam a2200121Ia 4500
003 OSt
008 201211b ||||| |||| 00| 0 eng d
100 _aTHAREJA, Reema.
245 _aPython Programming using Problem Solving Approach
260 _aNew Delhi
_bPearsons
_c 2018
300 _a544
942 _2ddc
_cBK
999 _c6876
_d6876